Cross Flags of the World - Statistics

General Stats
  • This quiz has been taken 62 times
  • The average score is 17 of 26
Answer Stats
Group Answer % Correct
Europe Finland
93%
Europe Denmark
89%
Europe Iceland
89%
Europe Sweden
89%
Europe United Kingdom
89%
Europe Norway
83%
Oceania Fiji
81%
Oceania Australia
76%
Europe Malta
74%
Oceania New Zealand
72%
Europe Switzerland
72%
Oceania Tonga
72%
Europe Greece
70%
Oceania Tuvalu
65%
Europe Slovakia
61%
Europe Spain
59%
Europe Vatican City
59%
North America Dominica
57%
Asia Georgia
57%
North America Jamaica
57%
Europe Serbia
57%
Europe Liechtenstein
54%
Europe San Marino
54%
North America Dominican Republic
52%
Europe Montenegro
41%
Africa Burundi
15%
No matching quizzes found
Score Distribution
Percent of People with Each Score
Percentile by Number Answered
Your Score History
You have not taken this quiz